书目信息 |
| 书名: | Jazz styles | |
| 作者: | Mark C. Gridley. | |
| 分册号: | ||
| 分册名: | 出版地: | Upper Saddle River, NJ : |
|
| 出版社: | Prentice Hall | |
| 出版时间: | c2003. | |
| 页数: | xxii, 442 p. : | |
| 开本: | 26 cm. | |
| 丛书名: | ||
| 中图分类号: | ||
| 科图分类号: | ||
| 其他分类号: | J632.5 | |
| 主题词: | ||
| 电子资源: | ||
| 000 | 00886cam a22003014a 450 | |
| 001 | E0733030184 | |
| 005 | 20070709093543.66 | |
| 008 | 990212s2003 a b 001 0deng | |
| 010 | @a99021580 | |
| 020 | @a0-13-189664-4. | |
| 035 | @A(DLC) 99021580 | |
| 040 | @aDLC@cDLC | |
| 042 | @apcc | |
| 043 | @an-us--- | |
| 050 | 00 | @aML3506@b.G74 2000 |
| 082 | 00 | @a781.65@2 21 |
| 090 | @aJ632.5 | |
| 099 | @dJ632.5@ex27=8 | |
| 100 | 1 | @aGridley, Mark C.,@d1947- |
| 245 | 10 | @aJazz styles :@bhistory & analysis / @cMark C. Gridley. |
| 250 | @a8th ed. | |
| 260 | @aUpper Saddle River, NJ :@bPrentice Hall,@cc2003. | |
| 300 | @axxii, 442 p. :@bill. ;@c26 cm. | |
| 504 | @aIncludes bibliographical references and index. | |
| 650 | 0 | @aJazz@xAnalysis, appreciation. |
| 650 | 0 | @aStyle, Musical. |
| 650 | 0 | @aJazz musicians. |
| 906 | @a7@bcbc@corignew@d1@eocip@f19@gy-gencatlg | |
| Jazz styles : : history & analysis / / Mark C. Gridley.-8th ed.-Upper Saddle River, NJ : : Prentice Hall, , c2003. |
| xxii, 442 p. : : ill. ; ; 26 cm. |
| Includes bibliographical references and index. |
| ISBN 0-13-189664-4. |
| ● |
| 相关链接 |
|
|
|
|
正题名:Jazz styles
索取号:J632.5/x27=8
 
预约/预借
| 序号 | 登录号 | 条形码 | 馆藏地/架位号 | 状态 | 备注 |
| 1 | 0011607 | 300116078 | 第二样本阅览室/ [索取号:J632.5/x27=8] | 在馆 | |
| 2 | 11522 | 300115220 | 第四借阅区/ [索取号:J632.5/x27=8] | 在馆 |